| 000 | 01492nam a2200337Ia 4500 | ||
|---|---|---|---|
| 999 |
_c5105 _d5105 |
||
| 003 | OSt | ||
| 005 | 20200326162518.0 | ||
| 008 | 191128m20132014ck abo gr 001 0dspa d | ||
| 020 | _a9789583509216 | ||
| 020 |
_a9789583509728 _qV.2 |
||
| 020 |
_a9789583509971 _qV.3 |
||
| 020 |
_a9789587711318 _qV.4 |
||
| 040 |
_aCO-JMCR _cCO-JMCR |
||
| 041 | 0 | _aspa | |
| 082 | 0 | 4 |
_a320.1 / _bM176h _221 |
| 100 | 1 |
_aMarquardt, Bernd, _eautor _9357 |
|
| 245 | 1 | 0 |
_aHistoria mundial del estado / _cBernd Marquardt |
| 250 | _aPrimera edición | ||
| 260 |
_aBogotá : _bUniversidad Nacional de Colombia, _c2013 |
||
| 300 |
_a4 v. : _bilustraciones, fotografías, mapas a color y a blanco y negro ; _c24 cm. |
||
| 490 | 0 | _aCiencias políticas. Derecho | |
| 500 | _aIncluye datos biográficos del autor. | ||
| 504 | _aBibliografía al final de cada tomo. | ||
| 505 | 2 |
_tV. 2. El estado judicial de la paz interna en Europa (siglos XVI-XVIII) _tV. 3. El estado de la modernidad temprana en Asia, África y las Américas _tV. 4. El estado de la doble revolución ilustrada e industrial (1776-2014): teoría de la gran transformación al estado constitucional democrático social y ambiental |
|
| 650 | 1 | 4 |
_aLeyes _xhistoria _zEuropa _ySiglos XVI-XX _9358 |
| 650 | 1 | 4 |
_aDerecho _xhistoria _zEuropa _ySiglos XVI-XX _9359 |
| 650 | 2 | 4 |
_aTeoría del Estado _zEuropa _ySiglos XVI-XX _9360 |
| 650 | 2 | 4 |
_aEuropa _xhistoria _ySiglos XVI-XX _9361 |
| 650 | 2 | 4 |
_aEuropa _xpolítica y gobierno _9362 |
| 942 |
_2ddc _cBK |
||